000 00602nam a22002051a 4500
001 3835
003 OSt
005 20260204211905.0
008 050303s1996||||dr ||||||b||||||||||spa||
020 _a8489548196
050 _aRD 346.13 C812i
082 _aRD 346.13 C812i
100 _aCordero, Margarita
245 _aIgualdad de las mujeres: un nuevo reto para la democracia / Margarita Cordero
264 _aSanto Domingo : PUCMM
300 _a28 p
490 _aSerie educación ciudadana No. 5
650 _a1.Derecho de la Mujer 2.Igualdad ante la Ley de DiscriminaciónÌ
942 _2ddc
_cBK
999 _c3835
_d3835